[Event "80th Tata Steel GpA"]
[Site "Wijk aan Zee NED"]
[Date "2018.01.26"]
[Round "11.1"]
[White "Mamedyarov, Shakhriyar"]
[Black "Carlsen, Magnus"]
[Result "1/2-1/2"]
[WhiteElo "2804"]
[BlackElo "2834"]
[PlyCount "75"]
[EventDate "2018.01.13"]

1. d4 Nf6 2. c4 e6 3. Nc3 Bb4 4. Qc2 d5 5. cxd5 Qxd5 6. e3 c5 7. Bd2 Bxc3 8.
Bxc3 cxd4 9. Bxd4 Nc6 10. Bc3 O-O 11. Nf3 Rd8 12. Be2 Qe4 13. Rc1 Qxc2 14. Rxc2
Nd5 15. Ne5 Bd7 $146 (15... Nxe5 16. Bxe5 b6 17. a3 f6 18. Bg3 Bb7 19. O-O Rac8
20. Rfc1 e5 {Grachev,B (2645)-Karjakin,S (2765) Antalya 2017}) 16. Nxc6 Bxc6
17. Bd2 Ne7 18. f3 Rac8 19. e4 f6 20. Be3 a6 21. Kf2 Bb5 22. Rhc1 Rxc2 23. Rxc2
Bxe2 24. Kxe2 Nc6 25. b4 Rc8 26. Rc5 b5 27. f4 Kf7 28. a3 Ne7 29. Rxc8 Nxc8 30.
Bc5 Ne7 31. Bxe7 Kxe7 32. Kf3 Kd6 33. Ke3 e5 34. f5 Ke7 35. g4 Kf7 36. h4 Kg8
37. Kf3 h6 38. h5 1/2-1/2

[Event "80th Tata Steel GpA"]
[Site "Wijk aan Zee NED"]
[Date "2018.01.26"]
[Round "11.3"]
[White "Karjakin, Sergey"]
[Black "Kramnik, Vladimir"]
[Result "1-0"]
[WhiteElo "2753"]
[BlackElo "2787"]
[PlyCount "117"]
[EventDate "2018.01.13"]

1. c4 e6 2. g3 d5 3. Bg2 Nf6 4. Nf3 Be7 5. O-O O-O 6. b3 c5 7. cxd5 Nxd5 8. Nc3
Nc6 9. Bb2 Nxc3 (9... Bf6 10. Qc2 b6 11. Nxd5 exd5 12. d4 Ba6 13. dxc5 bxc5 14.
Rfe1 Rc8 15. Bxf6 Qxf6 16. Rac1 c4 {Kramnik,V (2812)-Nakamura,H (2787) Leuven
2016}) 10. dxc3 Qc7 11. Qc2 b6 12. Bc1 $146 (12. Rad1 Bb7 13. Rd2 Rfd8 14. Rfd1
Rxd2 15. Rxd2 Bf6 16. c4 Bxb2 17. Qxb2 {½-½ Ohse,A (2152)-Israel,J (2192)
Germany 2013}) 12... Bb7 13. Bf4 Qc8 (13... Bd6) 14. Rad1 Rd8 15. h4 h6 16.
Rxd8+ Nxd8 17. Rd1 f5 18. Qd2 Nf7 19. Qd7 Bf6 20. Ne5 Nxe5 21. Bxe5 Bxe5 22.
Bxb7 Qxd7 23. Rxd7 Re8 24. Bc6 a5 25. Bb5 Kf8 26. f4 Bf6 27. Rd6 Re7 28. h5
Bxc3 29. Rxb6 c4 30. Rb8+ Kf7 31. Bxc4 Rd7 32. Kg2 Ke7 33. Kf3 Rd1 34. Rb7+ Rd7
35. Rb5 Rd1 36. a3 Rf1+ 37. Kg2 Rd1 38. e3 Rd6 39. Kf3 Rc6 40. g4 fxg4+ 41.
Kxg4 a4 42. Rb7+ Kd8 43. e4 Bb2 44. Bb5 Rc7 45. Rxc7 Kxc7 46. bxa4 Bc3 47. e5
Kd8 48. Kf3 Bd2 49. Ke4 Ke7 50. f5 exf5+ 51. Kxf5 Bc1 52. a5 Bxa3 53. a6 Bc5
54. Ke4 Ke6 55. Bc4+ Kd7 56. Kd5 Bf2 57. e6+ Kc7 58. Bb5 Bh4 59. a7 1-0

[Event "80th Tata Steel GpA"]
[Site "Wijk aan Zee NED"]
[Date "2018.01.26"]
[Round "11.7"]
[White "So, Wesley"]
[Black "Jones, Gawain C B"]
[Result "1-0"]
[WhiteElo "2792"]
[BlackElo "2640"]
[PlyCount "123"]
[EventDate "2018.01.13"]

1. d4 Nf6 2. c4 g6 3. g3 Bg7 4. Bg2 O-O 5. Nc3 c5 (5... d6 6. Nf3 c6 7. O-O Bf5
8. Ne1 Be6 9. d5 cxd5 10. cxd5 Bd7 11. Be3 a5 12. Bd4 Na6 {Ding,L (2774)
-Carlsen,M (2837) Saint Louis 2017}) 6. dxc5 Qa5 7. Qa4 Qxc5 8. Be3 Qc7 9. c5
$146 (9. Nf3 d6 10. Rc1 Bd7 11. Qb3 Rc8 12. Ng5 Nc6 13. c5 Be8 14. O-O Na5 15.
Qb4 dxc5 16. Qh4 Bc6 {Cheparinov,I (2684)-Gabuzyan,H (2565) Doha 2014}) 9...
Nc6 (9... Na6 $1) 10. Rd1 b6 (10... Rb8) 11. cxb6 Qb8 12. bxa7 Qxb2 13. Nb5 Bb7
14. Qb3 Qxb3 15. axb3 Nxa7 16. Bxb7 Rab8 17. Nxa7 Rxb7 18. f3 Rxb3 19. Bf2 Ra8
20. Nh3 Rb7 21. O-O Rbxa7 22. Bxa7 Rxa7 23. Ra1 Rxa1 24. Rxa1 d5 25. Ra7 Bf8
26. Kg2 Ne8 27. Ra8 Nd6 28. Ng5 h6 29. Nh7 Kxh7 30. Rxf8 Kg7 31. Rd8 Nc4 32. g4
e6 33. h4 Kf6 34. Rh8 Kg7 35. Rc8 Nd6 36. Rc6 Nb5 37. e3 g5 38. h5 Na3 39. Kg3
Nc4 $2 (39... Nb5) 40. e4 $1 Ne5 41. exd5 exd5 (41... Nxc6 42. dxc6 {and the
pawn is too far away.}) 42. Rd6 Nd3 43. Rxd5 Nf4 44. Rf5 Ne6 45. Kf2 Nd4 46.
Rd5 Ne6 47. Ke3 Nf4 48. Ra5 Ng2+ 49. Ke4 Kf6 50. Rb5 Kg7 51. Ke5 Ne1 52. Rb3
Ng2 53. Kd6 Nf4 54. Rb5 Kf8 55. Rf5 Ng2 56. Kd7 Ne3 57. Rc5 f5 58. Ke6 fxg4 59.
Kf6 Kg8 60. Kg6 Kf8 61. Re5 Nc4 62. Rf5+ 1-0

[Event "80th Tata Steel GpA"]
[Site "Wijk aan Zee NED"]
[Date "2018.01.27"]
[Round "12.1"]
[White "Carlsen, Magnus"]
[Black "Matlakov, Maxim"]
[Result "1-0"]
[WhiteElo "2834"]
[BlackElo "2718"]
[PlyCount "113"]
[EventDate "2018.01.13"]

1. e4 c5 2. Nf3 e6 3. d4 cxd4 4. Nxd4 Nc6 5. Nc3 Qc7 6. Be3 a6 7. Qd2 Nf6 8. f4
(8. O-O-O Be7 9. f3 h5 10. Nxc6 bxc6 11. Bf4 e5 12. Bg5 a5 13. Bc4 a4 14. a3 d6
15. f4 O-O 16. Rhf1 Bg4 {Grischuk,A (2783)-Cori Tello,J (2641) Tbilisi 2017})
8... Bb4 9. Bd3 Na5 10. a3 Bxc3 11. Qxc3 Qxc3+ 12. bxc3 d5 13. exd5 exd5 14.
Nb3 Nc4 15. Bd4 Ne4 16. Nc5 Nxc5 17. Bxc5 Bd7 $146 (17... b6 18. Bxc4 dxc4 19.
Bxb6 Rb8 20. Bc7 Rb7 21. Bd6 f6 22. O-O-O Rd7 23. Rhe1+ Kf7 {Cvak,R (2317)
-Hamilton,D (2016) corr. 2015}) 18. O-O-O O-O-O 19. Bxc4 dxc4 20. Bb6 Rde8 21.
Rd4 Re6 22. Rxc4+ Rc6 23. Rxc6+ Bxc6 24. Rd1 Bxg2 25. Rg1 Be4 26. Rxg7 Bg6 27.
a4 Rf8 28. Kb2 Kd7 29. f5 Bxf5 30. Bc5 Rc8 31. Rxf7+ Ke6 32. Re7+ Kf6 33. Bb4
a5 34. Ba3 Rc4 35. Rxb7 Rxa4 36. Ra7 Re4 37. Rxa5 Re2 38. Bd6 Bxc2 39. c4 Ke6
40. Ra6 Bf5+ 41. Kc3 Be4 42. Kd4 Kf5 43. Ra5+ Kg4 ({A step in the wrong
direction,} 43... Ke6 {makes more sense, to defend against the c-pawn with the
king.}) 44. c5 Bf3 45. Ra7 h6 46. Rh7 Re4+ 47. Kd3 Re6 48. Kc4 Bc6 49. Rc7 Bh1
50. Kb5 h5 51. Rg7+ Kh4 $2 {Definitely losing.} (51... Kf5 {might still hold.})
52. Rg1 ({Not bad but Carlsen misses a nice and quick win with} 52. Be7+ $1 Kh3
53. Rg3+ Kxh2 54. Bd6 {and Black can resign. Well, as it turned out Carlsen
had looked at this. On Facebook he messaged the following lines he saw during
the game:} Re4 $5 55. c6 Rd4 56. c7 (56. Rd3+ Rxd6 57. Rxd6 Bxc6+ $1 {is a draw
}) 56... Rxd6 57. Rh3+ $1 (57. c8=Q Rd5+ $1) 57... Kxh3 58. c8=Q+ {"but I
could not find a way to pick up the rook by force, only the bishop, which
leaves a lot of technical difficulties." - Carlsen}) (52. Be7+ {After} Kh3 53.
Rg3+ Kxh2 54. Bd6 Re4 {I also considered the correct move} 55. Ra3+ {(c3 or b3
also work) followed by c6. I suspected it might win (as it does) but it is not
very intuitive, and I did not want to risk miscalculating as I thought I had
an easy win in the game." - Carlsen.}) 52... Ba8 53. Kb6 Re2 54. Kc7 Bd5 55.
Rg3 Bh1 56. Rc3 Kg4 57. c6 1-0

[Event "80th Tata Steel GpA"]
[Site "Wijk aan Zee NED"]
[Date "2018.01.27"]
[Round "12.5"]
[White "Kramnik, Vladimir"]
[Black "Caruana, Fabiano"]
[Result "1-0"]
[WhiteElo "2787"]
[BlackElo "2811"]
[PlyCount "103"]
[EventDate "2018.01.13"]

1. e4 c6 2. d4 d5 3. exd5 cxd5 4. Nf3 Nf6 5. Ne5 Nc6 6. Bb5 Bd7 7. Nxd7 Qxd7 8.
c3 e6 9. O-O (9. Nd2 Bd6 10. Nf3 O-O 11. O-O Qc7 12. Re1 a6 13. Bd3 Bf4 14.
Bxf4 Qxf4 15. a4 g6 16. g3 Qc7 17. Kg2 Kg7 {Rapport,R (2707)-Salgado Lopez,I 
(2644) Riadh 2017}) 9... Bd6 10. Nd2 O-O 11. Re1 a6 12. Bd3 e5 13. dxe5 Nxe5
14. Nf3 Nfg4 $146 (14... Rfe8 15. Bg5 Qg4 16. Nxe5 Qxg5 17. Nf3 Rxe1+ 18. Qxe1
Qf4 19. Qd2 Qxd2 20. Nxd2 Re8 {Massironi,M (2193)-Rorato,G (2039) Venice 2006})
15. Nxe5 Nxe5 16. Bc2 Rfe8 17. Bf4 Bc7 18. g3 Rad8 19. Bxh7+ Kxh7 20. Bxe5 Bxe5
21. Qh5+ Kg8 22. Rxe5 Rxe5 23. Qxe5 Re8 24. Qd4 Qb5 25. b3 Re2 26. h4 b6 27.
Rd1 Rxa2 28. Re1 Qc6 29. Re5 Qf6 30. Qe3 Ra1+ 31. Kg2 Ra5 32. h5 d4 33. cxd4
Rxe5 34. Qxe5 Qd8 35. d5 a5 36. d6 Qd7 37. Qe7 Qc6+ 38. Kg1 Qc1+ 39. Kh2 Qc5
40. Qe8+ Kh7 41. Qe4+ g6 42. hxg6+ Kg7 43. Qd3 Qxf2+ 44. Kh1 Qf6 45. d7 Qd8 46.
Qc3+ Kxg6 47. Qc6+ Kh5 48. Qf3+ Kh6 49. Qxf7 Qh8 50. Kg2 Qa8+ 51. Kh2 Qh8 52.
Qe8 1-0

[Event "80th Tata Steel GpA"]
[Site "Wijk aan Zee NED"]
[Date "2018.01.28"]
[Round "13.4"]
[White "Adhiban, Baskaran"]
[Black "Kramnik, Vladimir"]
[Result "0-1"]
[WhiteElo "2655"]
[BlackElo "2787"]
[PlyCount "110"]
[EventDate "2018.01.13"]

1. e4 e5 2. Nc3 Nf6 3. g3 Bc5 4. Bg2 c6 5. Nge2 d5 6. exd5 cxd5 7. d4 exd4 8.
Nxd4 O-O 9. O-O Bg4 10. Nde2 (10. Qd3 Bxd4 11. Qxd4 Nc6 12. Qc5 d4 13. h3 Bxh3
14. Bxh3 dxc3 15. bxc3 Re8 16. Qb5 Qa5 17. a4 Qxc3 18. Bb2 Qxc2 19. Rac1 Qe2 {
Li,C (2755)-Kramnik,V (2801) Stavanger 2016}) 10... Qc8 $146 (10... Nc6 11. h3
Bf5 12. Bg5 h6 13. Bxf6 Qxf6 14. Qxd5 Bb6 15. Ne4 Bxe4 16. Bxe4 Rfe8 17. Nc3
Re5 {Morrison,C-Carleton,J (2280) Ayr (Scotland) 1978}) 11. Bg5 d4 12. Na4 Be7
13. Qd3 h6 14. Bxf6 Bxf6 15. Nf4 Nc6 16. Nd5 Be5 17. Qb5 Bd6 18. Nc5 Bxc5 19.
Qxc5 Re8 20. b4 Kh8 21. Rfe1 Qf5 22. Nc7 Rxe1+ 23. Rxe1 Rd8 $6 (23... Rc8 {
Kramnik}) 24. Ne8 Qxc5 25. bxc5 Be6 26. Nd6 {Earlier, Kramnik had missed that
this threatens 27.Rxe6.} Rd7 27. a3 Rc7 28. Nb5 Rc8 29. Nd6 Rc7 30. f4 g6 31.
Nb5 Rd7 32. Nd6 Na5 33. Rb1 Rc7 34. Rb5 b6 35. Rxa5 $2 {"I just didn't get it.
" (Kramnik)} (35. cxb6 axb6 36. Rb2 {is still a tiny bit better for White.})
35... bxa5 36. c6 a6 37. Kf2 Re7 38. a4 Kg8 39. Ne4 Kf8 40. Nd6 Bg4 41. Be4 h5
42. h4 f6 43. Bxg6 Re2+ 44. Kf1 Re6 45. Nb7 Rxc6 46. Nxa5 Rc3 47. Nb3 Rc4 48.
Bd3 Rxa4 49. Kf2 a5 50. Ke1 Be6 51. Nc5 Ra1+ 52. Kf2 Bf7 53. Kf3 a4 54. Ke4 a3
55. Kxd4 Rd1 0-1